Muses and markets (Record no. 525395)

MARC details
000 -LEADER
fixed length control field 00832nam a2200265Ia 4500
003 - CONTROL NUMBER IDENTIFIER
control field OSt
005 - DATE AND TIME OF LATEST TRANSACTION
control field 20220925193328.0
008 - FIXED-LENGTH DATA ELEMENTS--GENERAL INFORMATION
fixed length control field 220923b |||||||| |||| 00| 0 eng d
037 ## - SOURCE OF ACQUISITION
Terms of availability General Book
040 ## - CATALOGING SOURCE
Original cataloging agency RTL
Transcribing agency RTL
Language of cataloging eng
041 ## - LANGUAGE CODE
Source of code eng
Language code of text/sound track or separate title eng
100 ## - MAIN ENTRY--PERSONAL NAME
Personal name Frey Bruno S
9 (RLIN) 122562
245 #0 - TITLE STATEMENT
Title Muses and markets
Remainder of title Explorations in the economics of
260 ## - PUBLICATION, DISTRIBUTION, ETC.
Place of publication, distribution, etc. Cambridge
Name of publisher, distributor, etc. Basil Blackwel
Date of publication, distribution, etc. 1989
300 ## - PHYSICAL DESCRIPTION
Extent xii,291p
Dimensions cm.
500 ## - GENERAL NOTE
General note Bibliography P 187-207p
650 ## - SUBJECT ADDED ENTRY--TOPICAL TERM
Topical term or geographic name entry element Art Industry
9 (RLIN) 248102
700 ## - ADDED ENTRY--PERSONAL NAME
Personal name Pommerehne Werner W
9 (RLIN) 248103
942 ## - ADDED ENTRY ELEMENTS (KOHA)
Classification part X9(N).73.N8, M9
Koha item type General Books
Source of classification or shelving scheme Colon Classification (CC)

No items available.

Copyright @ Delhi University Library System